[Event "AUTO-INT-1732"]
[Site "http://www.queenalice.com/game.php?id=879513"]
[Date "2010.12.31"]
[Round "2"]
[White "Sbilf"]
[Black "rafael_100000"]
[Result "1-0"]
[WhiteElo "1959"]
[BlackElo "1604"]

1. e4 e5 2. Nf3 d6 3. d4 Bg4 4. dxe5 dxe5 5. Qxd8+ Kxd8 6. Nxe5 Be6 7. Nc3 f6 8.
Nf3 Nc6 9. Bf4 Rc8 10. O-O-O+ Bd7 11. Bb5 a6 12. Bxc6 bxc6 13. Nd4 Ke8 14. Rhe1
Bg4 15. f3 Bd7 16. a3 g5 17. Bg3 c5 18. Nf5 Bxf5 19. exf5+ Kf7 20. Rd7+ Be7 21.
Nd5 Re8 22. Bxc7 h5 23. Bd6 Rh7 24. Nxe7 Nxe7 25. Rexe7+ Rxe7 26. Rxe7+ Kg8 27.
Rxh7 Kxh7 28. Bxc5 Kg7 29. h3 h4 30. b4 Kh6 31. a4 Kg7 32. b5 axb5 33. axb5 Kf7
34. b6 Ke8 35. b7 Kd8 36. b8=Q+ Kd7 37. Qd6+ Kc8 38. Qxf6 Kd7 39. Qd6+ Kc8 40.
Bb6 Kb7 41. f6 g4 42. fxg4 Ka6 43. f7 Kb5 44. f8=Q Kc4 45. Qc8+ Kb5 46. Qdc5+
Ka4 47. Qa6# 1-0

[Event "AUTO-INT-1732"]
[Site "http://www.queenalice.com/game.php?id=879514"]
[Date "2010.12.31"]
[Round "2"]
[White "rafael_100000"]
[Black "Sbilf"]
[Result "0-1"]
[WhiteElo "1594"]
[BlackElo "1936"]

1. e4 e5 2. Nf3 Nc6 3. Nc3 Nf6 4. d3 Bb4 5. Bd2 d6 6. a3 Ba5 7. b4 Bb6 8. Ne2
Ng4 9. d4 exd4 10. Bf4 d3 11. cxd3 Nxf2 12. Qb3 Nxh1 13. Ng5 Qe7 14. Nc1 h6 15.
Nh3 Bxh3 16. gxh3 Qh4+ 17. Bg3 Nxg3 18. hxg3 Qxg3+ 19. Kd1 O-O 20. Ne2 Qf3 21.
Kc2 Rad8 22. Qc3 Qe3 23. Qb3 Nd4+ 24. Nxd4 Bxd4 25. Rd1 b5 26. Rd2 Qf4 27. Bg2
Kh8 28. Qd5 Qe5 29. Qb7 Rc8 30. Kb3 Qe6+ 31. Kc2 Qa2+ 32. Kd1 Qxa3 33. Qxb5 Bc3
34. Rc2 Qxb4 35. Qd5 c6 36. Qf5 Qb1+ 37. Rc1 Qxd3# 0-1

[Event "AUTO-INT-1732"]
[Site "http://www.queenalice.com/game.php?id=879515"]
[Date "2010.12.31"]
[Round "2"]
[White "Sbilf"]
[Black "Kuroi"]
[Result "1-0"]
[WhiteElo "1946"]
[BlackElo "1816"]

1. e4 e5 2. Nf3 Nf6 3. Nxe5 d6 4. Nf3 Nxe4 5. Nc3 Nf6 6. d4 g6 7. Bc4 d5 8. Bb3
c6 9. O-O Bg7 10. Re1+ Be6 11. Ng5 O-O 12. Nxe6 fxe6 13. Rxe6 Re8 14. Rxe8+ Qxe8
15. Bg5 Nbd7 16. Qd2 Qf7 17. Re1 a5 18. a4 b6 19. Qf4 h6 20. Bxh6 Nh5 21. Qxf7+
Kxf7 22. Bxg7 Nxg7 23. Nxd5 Kf8 24. Nf4 g5 25. Ng6# 1-0

[Event "AUTO-INT-1732"]
[Site "http://www.queenalice.com/game.php?id=879516"]
[Date "2010.12.31"]
[Round "2"]
[White "Kuroi"]
[Black "Sbilf"]
[Result "0-1"]
[WhiteElo "1427"]
[BlackElo "1996"]

1. e4 e5 2. Nf3 Nc6 3. g3 Nf6 4. Nc3 d5 5. d3 dxe4 6. dxe4 Qxd1+ 7. Nxd1 Nxe4 8.
Bg2 f6 9. O-O Bd7 10. Ne3 O-O-O 11. Nh4 g6 12. Bxe4 Nd4 13. Nd5 f5 14. Bg2 Nxc2
15. Rb1 Nb4 16. Bg5 Re8 17. Nf6 Re6 18. Nxd7 Kxd7 19. Bxb7 c6 20. a3 Kc7 21.
axb4 Kxb7 22. Bd2 Be7 23. Bc3 Bxh4 24. gxh4 Rd8 25. Kg2 e4 26. Kg3 Rd3+ 27. f3
Red6 28. Kf4 h6 29. Be5 Rd7 30. fxe4 Rh3 31. exf5 Rxh4+ 32. Kg3 Rh5 33. fxg6
Rxe5 0-1

[Event "AUTO-INT-1726"]
[Site "http://www.queenalice.com/game.php?id=884140"]
[Date "2011.1.10"]
[Round "2"]
[White "Sbilf"]
[Black "rootgauss"]
[Result "0-1"]
[WhiteElo "1944"]
[BlackElo "1856"]

1. e4 e5 2. Nf3 Nc6 3. d4 exd4 4. Nxd4 Bc5 5. Nxc6 bxc6 6. Bd3 d5 7. exd5 cxd5
8. O-O Nf6 9. Re1+ Be6 10. Bf5 O-O 11. Bxe6 fxe6 12. Rxe6 Rb8 13. Re2 Ng4 14.
Qf1 Qh4 15. h3 Rxf2 16. Rxf2 Bxf2+ 17. Kh1 Qg3 18. Bf4 Qxf4 19. hxg4 Qh6# 0-1

[Event "AUTO-INT-1726"]
[Site "http://www.queenalice.com/game.php?id=884141"]
[Date "2011.1.10"]
[Round "2"]
[White "rootgauss"]
[Black "Sbilf"]
[Result "1-0"]
[WhiteElo "1912"]
[BlackElo "1947"]

1. d4 d5 2. c4 e6 3. Nc3 Nf6 4. cxd5 Nxd5 5. Nf3 c5 6. e3 a6 7. Bc4 Nc6 8. h3
cxd4 9. Nxd4 Bb4 10. Bd2 O-O 11. Nxc6 bxc6 12. Nxd5 Bxd2+ 13. Qxd2 cxd5 14. Bd3
Bb7 15. O-O Qg5 16. Qb4 Rab8 17. Qg4 Qxg4 18. hxg4 Rbc8 19. Rac1 Rxc1 20. Rxc1
Rc8 21. Rxc8+ Bxc8 22. Kf1 g6 23. g5 Kf8 24. Ke2 Ke7 25. b4 f6 26. gxf6+ Kxf6
27. a4 e5 28. Kd2 e4 29. Be2 h5 30. a5 Ke5 31. b5 axb5 32. Bxb5 Kd6 33. Kc3 Kc5
34. Be8 Bf5 35. g3 Bg4 36. Bxg6 Be2 37. Bf7 Bf3 38. a6 Kb6 39. Kd4 Kxa6 40. Bxd5
1-0

[Event "QA-ANNIV-06"]
[Site "http://www.queenalice.com/game.php?id=884997"]
[Date "2011.1.12"]
[Round "3"]
[White "Sbilf"]
[Black "Luis_Gabriel"]
[Result "1-0"]
[WhiteElo "1924"]
[BlackElo "1832"]

1. e4 e5 2. Nf3 Nc6 3. d4 exd4 4. Nxd4 Nxd4 5. Qxd4 Nf6 6. e5 Qe7 7. Be2 Ng8 8.
Nc3 c6 9. O-O f6 10. Bf4 Qe6 11. Rfe1 Qf5 12. exf6 Ne7 13. fxg7 Rg8 14. gxf8=Q+
Kxf8 15. Bd3 Qg4 16. Qf6+ 1-0

[Event "AUTO-ADV-1807"]
[Site "http://www.queenalice.com/game.php?id=908672"]
[Date "2011.3.5"]
[Round "3"]
[White "maurice91"]
[Black "Sbilf"]
[Result "0-1"]
[WhiteElo "1863"]
[BlackElo "1998"]

1. d4 d5 2. c4 e6 3. Nc3 Nf6 4. Bg5 Be7 5. Nf3 O-O 6. e3 h6 7. Bxf6 Bxf6 8. cxd5
exd5 9. Be2 c6 10. O-O Be7 11. a3 Nd7 12. b4 b5 13. Rb1 a6 14. a4 Rb8 15. a5 Nf6
16. Ne5 Qc7 17. Bf3 Bd6 18. Ne2 Bxe5 19. dxe5 Qxe5 20. Rc1 Bd7 21. Nd4 Rbc8 22.
Nb3 Ra8 23. Nc5 Rfc8 24. Nxd7 Nxd7 25. Re1 Nf6 26. Qd2 Ra7 27. Qd4 Qxd4 28. exd4
Rac7 29. h3 Kf8 30. g4 Re8 31. Bg2 Rxe1+ 32. Rxe1 Re7 33. Rc1 Re6 34. f4 Ke7 35.
Kf2 Kd7 36. Bf3 Ne4+ 37. Kg2 Nd2 38. f5 Re3 39. Bd1 Rd3 40. h4 Rxd4 0-1

[Event "AUTO-ADV-1807"]
[Site "http://www.queenalice.com/game.php?id=908673"]
[Date "2011.3.5"]
[Round "3"]
[White "Sbilf"]
[Black "maurice91"]
[Result "1-0"]
[WhiteElo "1989"]
[BlackElo "1815"]

1. e4 e5 2. Nf3 Nc6 3. d4 exd4 4. Nxd4 Nxd4 5. Qxd4 d6 6. Nc3 Nf6 7. Bg5 Be7 8.
O-O-O Be6 9. e5 dxe5 10. Qxe5 Qc8 11. Nb5 Nd5 12. Bxe7 Kxe7 13. Rxd5 c6 14. Qd6+
Ke8 15. Nc7+ Qxc7 16. Qxc7 Bxd5 17. Qe5+ Be6 18. Qxg7 Ke7 19. g3 Rad8 20. b3 a6
21. Bc4 Bd5 22. Re1+ Kd6 23. Qe5+ Kd7 24. Bxd5 cxd5 25. Qf5+ Kc7 26. Qxf7+ Rd7
27. Re7 Rd8 28. Qxh7 Rxe7 29. Qxe7+ 1-0

[Event "QA-ANNIV-06"]
[Site "http://www.queenalice.com/game.php?id=924347"]
[Date "2011.4.10"]
[Round "4"]
[White "patobesta"]
[Black "Sbilf"]
[Result "0-1"]
[WhiteElo "1854"]
[BlackElo "1998"]

1. d4 Nf6 2. c4 e6 3. e3 d5 4. Nf3 Be7 5. Bd3 O-O 6. Nc3 dxc4 7. Bxc4 c5 8. O-O
Nc6 9. dxc5 Bxc5 10. h3 a6 11. a3 b5 12. Qxd8 Rxd8 13. Be2 Bb7 14. b4 Bb6 15.
Bb2 h6 16. Rad1 Rac8 17. Nh2 Rxd1 18. Rxd1 Rd8 19. Ng4 Nxg4 20. Bxg4 Rxd1+ 21.
Bxd1 Ne5 22. Ne2 Nc4 23. Bc1 g5 24. Bb3 Ne5 25. Bb2 Nc4 26. Nd4 Nxb2 27. Nxe6
fxe6 28. Bxe6+ Kg7 29. Bf5 Nc4 0-1

[Event "AUTO-ADV-1807"]
[Site "http://www.queenalice.com/game.php?id=929862"]
[Date "2011.4.24"]
[Round "4"]
[White "luiz_gustavo"]
[Black "Sbilf"]
[Result "1-0"]
[WhiteElo "1874"]
[BlackElo "1986"]

1. e4 e5 2. Nf3 Nc6 3. Bb5 a6 4. Ba4 d6 5. Nc3 Nf6 6. h3 b5 7. Bb3 Na5 8. d4 Be7
9. dxe5 Nxb3 10. axb3 dxe5 11. Qxd8+ Bxd8 12. Nxe5 Bb7 13. f3 O-O 14. Be3 Be7
15. Rd1 Rfd8 16. Rxd8+ Rxd8 17. Kf2 h6 18. Rd1 Rxd1 19. Nxd1 Kf8 20. c4 b4 21.
Nd3 Nd7 22. Bf4 c5 23. Ne3 g5 24. Bc7 Bf6 25. Bd6+ Kg7 26. Bxc5 a5 27. Nf5+ Kh7
28. Nd6 Ne5 29. Nxe5 1-0

[Event "AUTO-ADV-1807"]
[Site "http://www.queenalice.com/game.php?id=929863"]
[Date "2011.4.24"]
[Round "4"]
[White "Sbilf"]
[Black "luiz_gustavo"]
[Result "0-1"]
[WhiteElo "2008"]
[BlackElo "1866"]

1. e4 e5 2. Nf3 Nc6 3. d4 exd4 4. Nxd4 Nxd4 5. Qxd4 c6 6. Nc3 d5 7. Be2 dxe4 8.
Qxd8+ Kxd8 9. Nxe4 Bf5 10. Bd3 Be7 11. O-O Nf6 12. f3 Nxe4 13. fxe4 Bc5+ 14. Kh1
Be6 15. a3 Kc7 16. Bf4+ Kb6 17. b4 Bd4 18. a4 a5 19. Rab1 axb4 20. Rxb4+ Kc5 21.
Rc4+ Bxc4 22. Bxc4 Kxc4 0-1

[Event "QA-ANNIV-06"]
[Site "http://www.queenalice.com/game.php?id=966980"]
[Date "2011.7.31"]
[Round "5"]
[White "alainbouley"]
[Black "Sbilf"]
[Result "0-1"]
[WhiteElo "2130"]
[BlackElo "1966"]

1. d4 d6 2. c4 e5 3. Nf3 e4 4. Ng5 f5 5. Nc3 Be7 6. Nh3 c6 7. e3 Nf6 8. Be2 O-O
9. Nf4 Na6 10. a3 Nc7 11. b4 d5 12. O-O Bd7 13. cxd5 Ncxd5 14. Nfxd5 cxd5 15.
Bb2 a6 16. Qb3 Bc6 17. f3 Qe8 18. fxe4 fxe4 19. Rf2 Qd7 20. Raf1 Rac8 21. h3 Bd6
22. Rf5 Be7 23. Bc1 g6 24. R5f4 Rf7 25. Bd2 Rcf8 26. Be1 Bd6 27. Rxf6 Rxf6 28.
Rxf6 Rxf6 29. Nxe4 Rf8 30. Nxd6 Qxd6 31. Bh4 Bd7 32. Bf3 Be6 33. Bg5 Rxf3 34.
gxf3 Qg3+ 35. Kf1 Qxg5 36. Ke2 Qg2+ 37. Kd3 Qxf3 38. Kd2 Qf2+ 39. Kc1 Qe1+ 40.
Kb2 Qd2+ 41. Ka1 Qc1+ 42. Ka2 Qc4 43. h4 Qxb3+ 44. Kxb3 b5 45. Kc3 Kg7 46. Kd2
Kh6 47. Ke2 Kh5 48. Kf2 Kxh4 49. Kg2 Kg4 50. Kf2 h5 51. Kg2 h4 0-1

[Event "QA-ANNIV-06"]
[Site "http://www.queenalice.com/game.php?id=1008766"]
[Date "2011.11.15"]
[Round "6"]
[White "FabianoSales"]
[Black "Sbilf"]
[Result "0-1"]
[WhiteElo "2083"]
[BlackElo "1989"]

1. d4 d5 2. c4 dxc4 3. Nc3 e5 4. dxe5 Qxd1+ 5. Nxd1 Nc6 6. Nf3 Bg4 7. Nh4 Bb4+
8. Nc3 Bxc3+ 9. bxc3 Nxe5 10. Bf4 f6 11. h3 Be6 12. e3 O-O-O 13. Be2 Nd3+ 14.
Kf1 Nxf4 15. exf4 Ne7 16. g4 f5 17. Rg1 fxg4 18. Bxg4 Bxg4 19. Rxg4 g6 20. Nf3
Rd3 21. Ne5 Rxh3 22. Rd1 Rh1+ 23. Rg1 Rxg1+ 24. Kxg1 Rd8 25. Rc1 Nd5 26. Nxc4
Nxf4 27. Ne5 Ne2+ 0-1